| 000 | 00354cam a2200145ua 4500 | ||
|---|---|---|---|
| 041 |
_aeng _h |
||
| 082 |
_a823.308 _bBOR/RO |
||
| 100 | _aBorrow, George . | ||
| 245 |
_aRomany rye / _cGeorge Borrow. _hTextual Documents |
||
| 260 |
_aLondon : _bJ M Dent and Sons Ltd , _c1961. |
||
| 300 | _a410 ; . | ||
| 504 | _a | ||
| 942 | _cBK | ||
| 999 |
_c12859 _d12859 |
||